Využitie modelov lineárneho programovania pri maximalizácii toku v sieti bakalárska práca

Gespeichert in:
Bibliographische Detailangaben
1. Verfasser: Hargaš, Michal
Körperschaft: Fakulta hospodárskej informatiky EU. Katedra operačného výskumu a ekonometrie
Weitere Verfasser: Reiff, Marian, 1978-
Format: Buch
Sprache:Slowakisch
Veröffentlicht: Bratislava 2012
Tags: Tag hinzufügen
Keine Tags, Fügen Sie das erste Tag hinzu!

MARC

LEADER 00000nbm a2200000 4500
001 0156242
005 20161109111947.4
041 0 |a slo 
044 |a SK 
245 1 0 |a Využitie modelov lineárneho programovania pri maximalizácii toku v sieti  |b bakalárska práca  |c Michal Hargaš ; školiteľ: Marian Reiff 
264 1 |a Bratislava  |c 2012 
300 |a 36 s. 
100 1 |a Hargaš, Michal 
700 1 |a Reiff, Marian, 1978- 
710 2 |a Fakulta hospodárskej informatiky EU. Katedra operačného výskumu a ekonometrie